000 00571nam a2200193Ia 4500
003 GCL
008 140319s9999 xx 000 0 ara d
040 _aGCL /
_cGCL
082 0 4 _a813.01
_bى ب
100 1 _aيوسف القعيد
245 1 0 _aبلد المحبوب /
_cيوسف القعيد
260 _aالقاهرة :
_bدار سعاد الصباح
300 _a117 ص ؛
_c20 سم
490 _aسلسلة رواية
_v0
650 0 4 _aالادب العربى
650 0 4 _aالعصر الحديث
650 0 4 _aالقصص العربية
942 _2ddc
_cBK
999 _c30177
_d30177